| 000 | 00422pab a2200169 454500 | ||
|---|---|---|---|
| 008 | 180718b2004 xxu||||| |||| 00| 0 eng d | ||
| 100 | _aFogel, Robert W. | ||
| 245 | _aHealth, nutrition, and economic growth | ||
| 260 | _c2004 | ||
| 300 | _ap.643-58. | ||
| 362 | _aApr | ||
| 650 | _aHealth | ||
| 650 | _aNutrition | ||
| 650 | _aEconomic growth | ||
| 773 | _aEconomic Development and Cultural Change | ||
| 909 | _a62507 | ||
| 999 |
_c62507 _d62507 |
||